00673nam a2200181 a 450000100100000000500170001000800410002702000150006804000250008310000310010824500850013926000670022430000200029149000260031183000320033795201050036999900170047400003878520240228090831.0130422s1992 dr 000 0 spa d a8489536023 aDO-SdBNPbspacBNPHU1 aCeara-Hatton, Miguel9168510aEmpleo, deuda y crecimiento económico: un modelo macro /cMiguel Ceara Hatton. aSanto Domingo :bCentro de Investigación Económica,c1992. a80 p. ;c22 cm.1 aEnsayos de economía 0aEnsayos de economía97177 0010718PDaPDbPDcCTd2013-04-22iLF1l0o p38785-10r2020-06-25w2020-06-25yLFPDZNo se presta c38275d38275